Borbély Gábor: Civakodó angyalok. Bevezetés a középkori filozófiába. Budapest, Akadémiai K., 2008. recenzió

Elmentve itt :
Bibliográfiai részletek
Szerző: Becskereki Ida
További közreműködők: Borbély Gábor
Adatforrás:Philobibl
Forrásdokumentuma:BUKSZ
23.2011:1. p. 77-80.
Dokumentumtípus: Cikk
Nyelv:magyar
Kulcsszavak:filozófiatörténet
filozófia, középkori
szellemtörténet
LEADER 00503nab a2200145 c 4500
001 bibPHI0042449
005 20200924124735.5
008 101124s2011 hu hun
100 1 |a Becskereki Ida 
245 1 0 |a Borbély Gábor: Civakodó angyalok. Bevezetés a középkori filozófiába. Budapest, Akadémiai K., 2008.  |b recenzió  |c Becskereki Ida 
695 |a filozófiatörténet 
695 |a filozófia, középkori 
695 |a szellemtörténet 
700 1 |a Borbély Gábor 
773 0 |t BUKSZ  |g 23.2011:1. p. 77-80.